000 00318nam a2200133Ia 4500
005 20251222144901.0
008 251222s9999||||xx |||||||||||||| ||spa||
020 _a84-206-3868-4
082 _a791.430.98/E38
100 _aElena, Alberto
245 0 _aTierra en trance:
264 _bAlianza Editorial
942 _cLIB
999 _c21974
_d21974